000 00480nam a2200181 a 4500
001 1777027203047
003 YourLibrary
005 20260424161206.0
008 260424s1994##################000#0#eng##
020 _a9789054103851
082 0 4 _a345.430242JES
100 1 _aJessberger, H.L.,
_eauthor.
245 1 0 _aSicherung Von Altlasten :
260 _bCRC Press,
_c1994.
650 0 _aTechnology & Engineering.
942 _cENGLISH
040 _aYourLibrary
_beng
_cYourLibrary
999 _c619814
_d619814